LIBRARY & INFORMATION CENTRE, KCAET, TAVANUR

ONLINE PUBLIC ACCESS CATALOGUE (OPAC)

Advances in agronomy, Vol 5 / (Record no. 10636)

MARC details
000 -LEADER
fixed length control field 00381cam a2200157ua 4500
041 ## - LANGUAGE CODE
Language code of text/sound track or separate title eng
082 ## - DEWEY DECIMAL CLASSIFICATION NUMBER
Classification number 630.21
Item number NOR/AD
100 ## - MAIN ENTRY--AUTHOR NAME
Personal name Norman, A G.
245 00 - TITLE STATEMENT
Title Advances in agronomy, Vol 5 /
250 ## - EDITION STATEMENT
Edition statement 1 /
260 ## - PUBLICATION, DISTRIBUTION, ETC. (IMPRINT)
Place of publication New York :
Name of publisher Academic Press ,
Year of publication 1953.
300 ## - PHYSICAL DESCRIPTION
Number of Pages 422 ; .
942 ## - ADDED ENTRY ELEMENTS (KOHA)
Koha item type Books
Holdings
Withdrawn status Lost status Damaged status Home library Current library Date acquired Full call number Accession Number Koha item type
      KAUAET KAUAET 07/04/2012 630.21 10217 Books
free website counter